ਕਡ਼ਕ ਕਡ਼ਕ ਦਾਮਨੀ / (Record no. 59806)

MARC details
000 -LEADER
fixed length control field 00999nam a22002657a 4500
005 - DATE AND TIME OF LATEST TRANSACTION
control field 2009080405165.0
008 - FIXED-LENGTH DATA ELEMENTS--GENERAL INFORMATION
fixed length control field 090728t xxu||||| |||| 00| 0 pun d
010 ## - LCCN (DPL NO)
LC control number PUN-7266
020 ## - INTERNATIONAL STANDARD BOOK NUMBER
Terms of availability 175.00
International Standard Book Number 81813841x
035 ## - SYSTEM CONTROL NUMBER
System control number PN-6384
037 ## - SOURCE OF ACQUISITION
Source of stock number/acquisition DBAD / PUB
040 ## - CATALOGING SOURCE
Original cataloging agency dpl
Language of cataloging PN
082 ## - DEWEY DECIMAL CLASSIFICATION NUMBER
Classification number 852
100 ## - MAIN ENTRY--PERSONAL NAME
Personal name ਗੁਰਦੀਪ ਸਿੰਘ
9 (RLIN) 37323
245 ## - TITLE STATEMENT
Title ਕਡ਼ਕ ਕਡ਼ਕ ਦਾਮਨੀ /
Statement of responsibility, etc ਗੁਰਦੀਪ ਸਿੰਘ
246 ## - VARYING FORM OF TITLE
Title proper/short title Kark kark damini
Remainder of title by Gurdeep Singh
260 ## - PUBLICATION, DISTRIBUTION, ETC. (IMPRINT)
Place of publication, distribution, etc ਦਿੱਲੀ
Name of publisher, distributor, etc ਏਮ.ਪੀ.ਪ੍ਰਕਾਸ਼ਨ
Date of publication, distribution, etc 2011
270 ## - ADDRESS
Address Shop no-7,12/190,Geeta Colony
City Delhi
Telephone number 9015346246
Postal code 110031
Electronic mail address manpreet1948@gmail,com
300 ## - PHYSICAL DESCRIPTION
Extent 96ਸਫੇ
Other physical details 22 ਸੇਂਮੀ (ਸਜਿਲਦ)
650 ## - SUBJECT ADDED ENTRY--TOPICAL TERM
9 (RLIN) 37324
650 ## - SUBJECT ADDED ENTRY--TOPICAL TERM
9 (RLIN) 37325
700 ## - ADDED ENTRY--PERSONAL NAME
9 (RLIN) 37326
942 ## - ADDED ENTRY ELEMENTS (KOHA)
Source of classification or shelving scheme Dewey Decimal Classification
Item type Punjabi Bks
Classification part 851
Call number suffix ਗੁਰਦੀ
Holdings
Withdrawn status Lost status Source of classification or shelving scheme Damaged status Not for loan Collection code Home library Current library Date acquired Source of acquisition Cost, normal purchase price Total Checkouts Full call number Barcode Date last seen Copy number Cost, replacement price Koha item type
    Dewey Decimal Classification     Non-fiction D.B.Act.Division D.B.Act.Division 21/12/2011 DBAD/PUB 175.00   851 ਗੁਰਦੀ PN-6384 21/12/2011 1 175.00 Punjabi Bks

© Delhi Public Library
Hit Counter
free hit counter